000 00394nam a2200157Ia 4500
008 230312s9999||||xx |||||||||||||| ||und||
020 _a1-55642-882-1
082 _a615.82
_bMAK-S
100 _aMakofsky;Howard.W
245 0 _aSpinal Manual Therapy
260 _bSlack Incorporated
_aUSA
_c1
300 _a311
546 _aEng.
650 _aPhysiotherapy
_vSpinal Manual Therapy
942 _cBK
999 _c9113
_d9113